000 00634nam a22002175i 4500
001 172405
003 ES-MaACL
005 20230906214912.0
008 090701s2008 sp |||| | spa d
020 _a978-84-612-4973-2
080 _a821.134.2-95"19"
100 1 _aVila-Matas, Enrique.
_9114728
245 1 0 _aElla era Hemingway ; No soy Auster /
_cEnrique Vila-Matas.
250 _a2ยช ed.
260 _aBarcelona :
_bAlfabia,
_c2008.
300 _a32 p. ;
_c14 cm.
490 1 _aCuadernos Alfabia ;
_v1
830 0 _aCuadernos Alfabia ;
_v1
_9223316
852 _aES-MaACL
_j2252-F-21
_9R.144720
999 _c172405
_d172405